| 000 | 00481nam a2200181 4500 | ||
|---|---|---|---|
| 001 | 139370 | ||
| 003 | ES-MaACL | ||
| 005 | 20250318063115.0 | ||
| 007 | t| | ||
| 008 | 070214s1939 fr r ||||1| fre d | ||
| 100 | 1 |
_aSartre, Jean-Paul, _d1905-1980 _9103897 |
|
| 245 | 1 | 3 |
_aLe mur / _cJean-Paul Sartre. |
| 250 | _a85ยช. ed. | ||
| 260 |
_aParis : _bGallimard, _c1939. |
||
| 300 |
_a222 p. ; _c19 cm. |
||
| 852 |
_aES-MaACL _jD-6191 _bR.29657 |
||
| 999 |
_c139370 _d139370 |
||